<?xml version="1.0" encoding="UTF-8"?>
<collection xmlns="http://www.loc.gov/MARC21/slim">
 <record>
  <leader>02111nam a2200217Ia 4500</leader>
  <controlfield tag="001">CTU_208047</controlfield>
  <controlfield tag="008">210402s9999    xx            000 0 und d</controlfield>
  <datafield tag="020" ind1=" " ind2=" ">
   <subfield code="c">4.00</subfield>
  </datafield>
  <datafield tag="082" ind1=" " ind2=" ">
   <subfield code="a">658.421</subfield>
  </datafield>
  <datafield tag="082" ind1=" " ind2=" ">
   <subfield code="b">L351</subfield>
  </datafield>
  <datafield tag="100" ind1=" " ind2=" ">
   <subfield code="a">Latman, Richard Keith</subfield>
  </datafield>
  <datafield tag="245" ind1=" " ind2="4">
   <subfield code="a">The good fail :</subfield>
  </datafield>
  <datafield tag="245" ind1=" " ind2="0">
   <subfield code="b">Entrepreneurial lessons from the rise and fall of Microworkz</subfield>
  </datafield>
  <datafield tag="245" ind1=" " ind2="0">
   <subfield code="c">Richard Keith Latman</subfield>
  </datafield>
  <datafield tag="260" ind1=" " ind2=" ">
   <subfield code="a">Hoboken, New Jersey</subfield>
  </datafield>
  <datafield tag="260" ind1=" " ind2=" ">
   <subfield code="b">John Wiley &amp;​ Sons, Inc.</subfield>
  </datafield>
  <datafield tag="260" ind1=" " ind2=" ">
   <subfield code="c">2012</subfield>
  </datafield>
  <datafield tag="520" ind1=" " ind2=" ">
   <subfield code="a">An inside look at how companies and executives rise and fall, with important lessons for all aspiring entrepreneursThe Good Fail is part business story, part guilty pleasure, exploring Richard Keith Latman's very public missteps and the painful lessons he learned as a result, presented to fellow entrepreneurs, in his own words, for the first time. Written in a lively, conversational style, the book answers questions many computer industry veterans have been asking for more than a decade about what went wrong at Microworkz, the failed former free PC enterprise. Chronicling Latman's long roller-coaster journey back and offering pointed advice about effective business development, negotiating, human resource management, and leadership, which Latman has successfully applied at his latest ventures, iMagicLab and Latman Interactive, the book is an important set of insights for entrepreneurs everywhere. Offers 19 practical lessons learned, which can help put other entrepreneurs on the path to success faster Includes invaluable insight into how to overcome even the worst public business failures Provides a behind-the-scenes look from the ultimate insider at an important time in computer industry history Presents a case study of how personal and business lives can negatively impact each other Microworkz's failure can be your success. The Good Fail provides both important insights into how to start a business that will reap rewards, and warnings about how to avoid going astray</subfield>
  </datafield>
  <datafield tag="650" ind1=" " ind2=" ">
   <subfield code="a">Entrepreneurship,Doanh nhân</subfield>
  </datafield>
  <datafield tag="904" ind1=" " ind2=" ">
   <subfield code="i">Hải</subfield>
  </datafield>
  <datafield tag="980" ind1=" " ind2=" ">
   <subfield code="a">Trung tâm Học liệu Trường Đại học Cần Thơ</subfield>
  </datafield>
 </record>
</collection>
